American journal of law & medicine

Bibliographic Details
Corporate Author: American Society of Law and Medicine
Format: Unknown
Language:English
Published: [Boston] : American Society of Law & Medicine
Subjects:
Online Access:Acceso restringido

MARC

LEADER 00000ny a22000003n 4500
003 MiAaPQ
005 2011051209559.0
006 m d
007 cr anu
008 751230c19759999mauq p s obg 0 0 eng
010 |a 75645516 //r83 
022 |a 0098-8588 
035 |a 4067  
040 |a DLC  |c DLC  |d vLex 
043 |a n-us--- 
050 0 0 |a K1  |b .M445 
050 0 0 |a K1  |b .M445 
060 0 |a W1 AM475 
082 |a 344/.73/041 
090 |c 1813  |d 1813 
245 0 0 |a American journal of law & medicine  |h [Recurso electrn̤ico] 
256 |a Servicio en ln̕ea 
260 |a [Boston] :  |b American Society of Law & Medicine 
310 |a Quarterly 
506 1 |a Contenido solo disponible en los productos indicados  |d vLex Global  |d vLex Global (Academic Edition, excluding Law Schools)  |d vLex Global (U.S. Academic Edition, excluding Law Schools) 
650 0 4 |a Medicina legal  |z Estados Unidos  |x Publicaciones perid̤icas 
710 2 |a American Society of Law and Medicine 
740 0 |a vLex Revista (Servicios en ln̕ea) 
843 |a Electrn̤ica. Abierta 
853 |8 1  |i (year)  |j (month)  |k (day) 
856 4 0 |z Acceso restringido  |u http://vlex.com/account/login_ip?fuente_id=4067  
942 |c REV 
999 0 |a Medical jurisprudence  |z United States 
999 0 |a Medical laws and legislation  |z United States